Normal view
MARC view
- NEEHA FAROOQ
Entry Personal Name
001 - CONTROL NUMBER
- control field: 72805
003 - CONTROL NUMBER IDENTIFIER
- control field: NUST
005 - DATE AND TIME OF LATEST TRANSACTION
- control field: 20210628204916.0
008 - FIXED-LENGTH DATA ELEMENTS
- fixed length control field: 210628|| aca||aabn | a|a d
040 ## - CATALOGING SOURCE
- Original cataloging agency: NUST
- Transcribing agency: NUST
100 ## - HEADING--PERSONAL NAME
- Personal name: NEEHA FAROOQ
670 ## - SOURCE DATA FOUND
- Source citation: Work cat.: (NUST): NEEHA FAROOQ , TH-SOF-0761-EVALUATING THE EFFECTIVENESS OF COMMUNITY BASED MICRO HYDROPOWER, 2001
